| 000 | 00606nam a2200217 i 4500 | ||
|---|---|---|---|
| 001 | 86957 | ||
| 003 | ES-MaACL | ||
| 005 | 20250819170004.0 | ||
| 007 | t| | ||
| 008 | 041217s1970 sp ||||1| spa d | ||
| 080 | _a612.6 | ||
| 100 | 1 |
_aKoning, Frederick. _968557 |
|
| 245 | 1 | 0 |
_aHombre y mujer / _cF. Koning ; [traducción, Cristóbal Zaragoza]. |
| 250 | _a1ª ed. | ||
| 260 |
_aBarcelona : _bBruguera, _c1970. |
||
| 300 |
_a363 p., 31 lám. ; _c22 cm. |
||
| 650 | 7 |
_aSexología _2embne _917076 |
|
| 700 | 1 |
_aZaragoza, Cristóbal. _9118028 |
|
| 852 | 4 |
_aES-MaACL _jC-47534 |
|
| 999 |
_c86957 _d86957 |
||